<?xml version="1.0" encoding="UTF-8"?>
<record
    xmlns:xsi="http://www.w3.org/2001/XMLSchema-instance"
    xsi:schemaLocation="http://www.loc.gov/MARC21/slim http://www.loc.gov/standards/marcxml/schema/MARC21slim.xsd"
    xmlns="http://www.loc.gov/MARC21/slim">

  <leader>06732nam a2200445 a 4500</leader>
  <controlfield tag="001">dia_4703</controlfield>
  <controlfield tag="003">CHAP</controlfield>
  <controlfield tag="005">20241031090056.0</controlfield>
  <controlfield tag="007">ta</controlfield>
  <controlfield tag="008">220601s2010    mx ao  frm    001 0 spa d</controlfield>
  <datafield tag="040" ind1=" " ind2=" ">
    <subfield code="a">mxchpua</subfield>
    <subfield code="c">CHAP</subfield>
  </datafield>
  <datafield tag="041" ind1="0" ind2=" ">
    <subfield code="a">spa</subfield>
    <subfield code="b">eng</subfield>
  </datafield>
  <datafield tag="090" ind1=" " ind2=" ">
    <subfield code="a">Tesis </subfield>
    <subfield code="b">R364 </subfield>
    <subfield code="c">2010</subfield>
  </datafield>
  <datafield tag="100" ind1="1" ind2=" ">
    <subfield code="a">Ram&#xED;rez Nava, Sergio</subfield>
  </datafield>
  <datafield tag="240" ind1="1" ind2="0">
    <subfield code="a">Supervision of production during the development of pancakes and danish bread on industrial bakery.</subfield>
    <subfield code="l">Espa&#xF1;ol</subfield>
  </datafield>
  <datafield tag="245" ind1="1" ind2="0">
    <subfield code="a">Supervisi&#xF3;n de producci&#xF3;n durante la elaboraci&#xF3;n de panqu&#xE9; y pan dan&#xE9;s en una panificadora industrial /</subfield>
    <subfield code="c">Sergio Ram&#xED;rez Nava</subfield>
  </datafield>
  <datafield tag="264" ind1=" " ind2=" ">
    <subfield code="a">Chapingo, M&#xE9;xico : </subfield>
    <subfield code="b">El autor,</subfield>
    <subfield code="c">2010</subfield>
  </datafield>
  <datafield tag="300" ind1=" " ind2=" ">
    <subfield code="a">vii, 99 hojas :</subfield>
    <subfield code="b">ilustraciones, tablas, diagramas, fotograf&#xED;as +</subfield>
    <subfield code="e">1 CD-ROM</subfield>
  </datafield>
  <datafield tag="336" ind1=" " ind2=" ">
    <subfield code="2">rdacontent</subfield>
    <subfield code="a">texto</subfield>
    <subfield code="b">txt</subfield>
  </datafield>
  <datafield tag="337" ind1=" " ind2=" ">
    <subfield code="2">rdamedia</subfield>
    <subfield code="a">no mediado</subfield>
    <subfield code="b">n</subfield>
  </datafield>
  <datafield tag="338" ind1=" " ind2=" ">
    <subfield code="2">rdacarrier</subfield>
    <subfield code="a">volumen</subfield>
    <subfield code="b">nc</subfield>
  </datafield>
  <datafield tag="502" ind1=" " ind2=" ">
    <subfield code="a">Memoria de Experiencia Profesional </subfield>
    <subfield code="b">(Ingeniero Agroindustrial) --</subfield>
    <subfield code="c">UACh. Departamento de Ingenier&#xED;a Agroindustrial,</subfield>
    <subfield code="d">2010</subfield>
  </datafield>
  <datafield tag="504" ind1=" " ind2=" ">
    <subfield code="a">Bibliograf&#xED;a : hojas 89-92</subfield>
  </datafield>
  <datafield tag="520" ind1="3" ind2=" ">
    <subfield code="a">Todo grupo necesita un l&#xED;der, una persona que dirija sus esfuerzos y actividades hacia un objetivo espec&#xED;fico y las empresas no son una excepci&#xF3;n. Dentro de las empresas panaderas existe una gran necesidad de l&#xED;deres, especialmente en el &#xE1;rea de producci&#xF3;n, como Supervisor de Producci&#xF3;n. El Supervisor realiza una actividad clave dentro de una empresa, pues de &#xE9;l depende que el trabajo se realice con la calidad requerida, que el equipo d&#xE9; el mayor rendimiento, pero sin olvidar el mantener en alto la moral de cada uno de los trabajadores desarrollando sus habilidades y reconociendo su labor. Para poder conseguirlo, lo primero es tener los conocimientos adecuados, es decir, concluir los estudios en una carrera que nos d&#xE9; las bases, como la de Ingenier&#xED;a Agroindustrial. Una vez habiendo ingresado en una empresa panadera, se debe aprovechar al m&#xE1;ximo la capacitaci&#xF3;n que se reciba, pues con cada una se desempe&#xF1;ar&#xE1; mejor el trabajo ya que cada puesto y cada l&#xED;nea son distintas. No se debe perder de vista que la capacitaci&#xF3;n y la actualizaci&#xF3;n de conocimientos son importantes, y debe continuar a todo lo largo de nuestra vida laboral, esto siempre nos har&#xE1; mejores Supervisores. Bimbo es la empresa en la que me he desarrollado como Supervisor de Producci&#xF3;n despu&#xE9;s de haber egresado de Agroindustrias de la Universidad Aut&#xF3;noma Chapingo, y en &#xE9;sta compa&#xF1;&#xED;a el Supervisor de Producci&#xF3;n es la persona sobre la que recae la responsabilidad de la operaci&#xF3;n y productividad de los procesos, as&#xED; como de la calidad del producto y optimizaci&#xF3;n de recursos de la empresa. Es quien apoya y resuelve, junto con su equipo de trabajo, los problemas que surgen d&#xED;a con d&#xED;a. Adem&#xE1;s, es el Supervisor de Producci&#xF3;n quien persigue y pone en marcha los planes comerciales de los diferentes productos, que son desarrollados en el &#xE1;rea de nuevos productos, con la finalidad de satisfacer los diversos nichos de mercado. El puesto de Supervisor de Producci&#xF3;n existe en una gran variedad de empresas, dedicadas a su vez a generar una gran variedad de productos, en este trabajo se mencionar&#xE1;n a grandes rasgos cada una de las actividades que desarrolla un Supervisor de Producci&#xF3;n en Bimbo, una importante empresa panadera, debido a que tiene una fuerte presencia no solo en nuestro pa&#xED;s, sino en varios pa&#xED;ses del mundo. As&#xED; tambi&#xE9;n se realizar&#xE1; una revisi&#xF3;n bibliogr&#xE1;fica sobre los ingredientes que conforman el pan, las etapas del proceso productivo, espec&#xED;ficamente en las l&#xED;neas de Panqu&#xE9; y pan fermentado dulce (pan Dan&#xE9;s), algunas variables t&#xE9;cnicas que afectan y la preparaci&#xF3;n profesional para desempe&#xF1;ar mejor el puesto de Supervisor de Producci&#xF3;n. </subfield>
  </datafield>
  <datafield tag="520" ind1="3" ind2=" ">
    <subfield code="a">Every group needs a leader, a head to lead its efforts and activities towards a specific goal and companies are no exception. In the Baker enterprises there exist a need of leaders, especially in the area of production, which occupy the post Production Supervisor. Monitor performs a key inside of an enterprise activity because it depends on work to be carried out with the required quality, giving the team performance, but without ignore to maintain high morale of workers to develop their skills and recognizing his work. To be able to do so, first thing is to have the right, i.e. complete studies in a career that will give us bases, as the engineer Agroindustrial knowledge. After having entered a baked, company we help maximize training received, because each has its particular form of play, as well as each post and each line are different. We must not forget that training and updating of knowledge is important, and should continue throughout our working life, this cannot be done best supervisors. Bimbo is the company that I've developed as supervisor after having graduated from Chapingo Autonomous University, and in this Agroindustry monitor production company is the person that had responsibility for operation and processes, as well as the quality of product and company resources optimization productivity. It is who supports and solves the problems that arise day with day together with your team. It is also the production supervisor who pursues and launched the business plans of different products, which are developed in the area of New Products, in order to meet the various market niches. Post production supervisor in a variety of companies, shall devoted time to turn a rebuild of a wide variety of products, this work State broadly speaking coda one activity that develops a production supervisor at Bimbo, a Baker, company has a strong presence not only in our country, but in several countries in the world. You will also perform a bibliographic review on the ingredients that make up the bread, the stages of the production process, specifically in the lines of plum and Pan Fermentado, some variables that affect and preparation that you must have the Production Supervisor.</subfield>
  </datafield>
  <datafield tag="650" ind1="1" ind2="3">
    <subfield code="a">Tipos de pan  </subfield>
    <subfield code="2">atg</subfield>
    <subfield code="x">Control de fabricaci&#xF3;n </subfield>
  </datafield>
  <datafield tag="650" ind1="1" ind2="3">
    <subfield code="a">Productos horneados  </subfield>
    <subfield code="2">atg</subfield>
    <subfield code="x">Supervisi&#xF3;n de procesos </subfield>
  </datafield>
  <datafield tag="650" ind1="1" ind2="3">
    <subfield code="a">Industria panadera   </subfield>
    <subfield code="2">atg</subfield>
  </datafield>
  <datafield tag="650" ind1="1" ind2="3">
    <subfield code="a">Breads  </subfield>
    <subfield code="2">atg</subfield>
    <subfield code="x">Process control</subfield>
  </datafield>
  <datafield tag="650" ind1="1" ind2="3">
    <subfield code="a">Baked goods  </subfield>
    <subfield code="2">atg</subfield>
    <subfield code="x">Process monitoring  </subfield>
  </datafield>
  <datafield tag="650" ind1="1" ind2="3">
    <subfield code="a">Bakery industry   </subfield>
    <subfield code="2">atg</subfield>
  </datafield>
  <datafield tag="700" ind1="1" ind2=" ">
    <subfield code="a">Buend&#xED;a Gonz&#xE1;lez, Mar&#xED;a Ofelia</subfield>
    <subfield code="e">directora</subfield>
  </datafield>
  <datafield tag="700" ind1="1" ind2=" ">
    <subfield code="a">Vel&#xE1;zquez Castillo, Alejandra</subfield>
    <subfield code="e">asesora</subfield>
  </datafield>
  <datafield tag="700" ind1="1" ind2=" ">
    <subfield code="a">P&#xE9;rez Herrera, Patricia</subfield>
    <subfield code="e">asesora</subfield>
  </datafield>
  <datafield tag="856" ind1="4" ind2="1">
    <subfield code="u">http://10.13.5.2/tesis/111919.pdf</subfield>
    <subfield code="y">DESCARGAR PDF</subfield>
  </datafield>
  <datafield tag="901" ind1=" " ind2=" ">
    <subfield code="a">TESIS R364 2010</subfield>
  </datafield>
  <datafield tag="902" ind1=" " ind2=" ">
    <subfield code="a">M</subfield>
  </datafield>
  <datafield tag="905" ind1=" " ind2=" ">
    <subfield code="a">5232272010                          mx dml 8223123322spa16</subfield>
  </datafield>
  <datafield tag="942" ind1=" " ind2=" ">
    <subfield code="c">TESIS</subfield>
    <subfield code="2">Clasificaci&#xF3;n Universidad Aut&#xF3;noma Chapingo</subfield>
  </datafield>
  <datafield tag="999" ind1=" " ind2=" ">
    <subfield code="c">209527</subfield>
    <subfield code="d">209527</subfield>
  </datafield>
  <datafield tag="952" ind1=" " ind2=" ">
    <subfield code="0">0</subfield>
    <subfield code="1">0</subfield>
    <subfield code="2">local</subfield>
    <subfield code="4">0</subfield>
    <subfield code="5">5</subfield>
    <subfield code="7">0</subfield>
    <subfield code="8">TESIS</subfield>
    <subfield code="a">IA_</subfield>
    <subfield code="b">IA_</subfield>
    <subfield code="d">2022-06-01</subfield>
    <subfield code="e">El autor</subfield>
    <subfield code="l">0</subfield>
    <subfield code="o">Tesis R364 2010</subfield>
    <subfield code="p">1101004650</subfield>
    <subfield code="r">2022-06-01 00:00:00</subfield>
    <subfield code="t">Ej.3</subfield>
    <subfield code="y">CD</subfield>
  </datafield>
  <datafield tag="952" ind1=" " ind2=" ">
    <subfield code="0">0</subfield>
    <subfield code="1">0</subfield>
    <subfield code="2">local</subfield>
    <subfield code="4">0</subfield>
    <subfield code="5">1</subfield>
    <subfield code="7">0</subfield>
    <subfield code="8">TESIS</subfield>
    <subfield code="a">IA_</subfield>
    <subfield code="b">IA_</subfield>
    <subfield code="d">2022-06-01</subfield>
    <subfield code="e">El autor</subfield>
    <subfield code="l">0</subfield>
    <subfield code="o">Tesis R364 2010</subfield>
    <subfield code="p">1101004600</subfield>
    <subfield code="r">2026-02-02 00:00:00</subfield>
    <subfield code="t">Ej.1</subfield>
    <subfield code="y">TESIS</subfield>
  </datafield>
  <datafield tag="952" ind1=" " ind2=" ">
    <subfield code="0">0</subfield>
    <subfield code="1">0</subfield>
    <subfield code="2">local</subfield>
    <subfield code="4">0</subfield>
    <subfield code="5">5</subfield>
    <subfield code="7">0</subfield>
    <subfield code="8">TESIS</subfield>
    <subfield code="a">IA_</subfield>
    <subfield code="b">IA_</subfield>
    <subfield code="d">2022-06-01</subfield>
    <subfield code="e">El autor</subfield>
    <subfield code="l">0</subfield>
    <subfield code="o">Tesis R364 2010</subfield>
    <subfield code="p">1101004649</subfield>
    <subfield code="r">2022-06-01 00:00:00</subfield>
    <subfield code="t">Ej.2</subfield>
    <subfield code="y">CD</subfield>
  </datafield>
  <datafield tag="952" ind1=" " ind2=" ">
    <subfield code="0">0</subfield>
    <subfield code="1">0</subfield>
    <subfield code="2">local</subfield>
    <subfield code="4">0</subfield>
    <subfield code="7">0</subfield>
    <subfield code="8">TesDigL</subfield>
    <subfield code="a">IA_</subfield>
    <subfield code="b">IA_</subfield>
    <subfield code="c">E_L</subfield>
    <subfield code="d">2024-10-31</subfield>
    <subfield code="e">El autor</subfield>
    <subfield code="l">0</subfield>
    <subfield code="p">1201004600</subfield>
    <subfield code="r">2024-10-31 09:08:57</subfield>
    <subfield code="y">TD</subfield>
  </datafield>
</record>
